| 000 | 00646cam a22002531 4500 | ||
|---|---|---|---|
| 001 | sa 66003360 | ||
| 003 | DLC | ||
| 005 | 20260227112235.0 | ||
| 008 | 891009s1965 ii b 000 0 hino | ||
| 010 | _asa 66003360 | ||
| 035 | _a(OCoLC)20460386 | ||
| 040 |
_aDLC _cWaU _dDLC |
||
| 042 | _apremarc | ||
| 043 | _aa-ii--- | ||
| 050 | 0 | 0 |
_aPK2040 _b.H3 |
| 100 | 0 | _aHanumandas. | |
| 245 | 1 | 0 | _aHindī-sāhitya mem viraha-prasaṅga. |
| 260 | _c[1965] | ||
| 300 |
_a155 p. _c19 cm. |
||
| 500 | _aIn Hindi. | ||
| 504 | _aBibliographical footnotes. | ||
| 650 | 0 |
_aHindi poetry _xHistory and criticism. |
|
| 650 | 0 | _aSeparation in literature. | |
| 999 |
_c68837 _d68837 |
||